000 00393nam a2200157Ia 4500
008 190115s9999||||xx |||||||||||||| ||und||
020 _a9789352860197
082 _a657
_bDAT/C
100 _aDatar, Srikant M.
245 0 _aCost Accounting: a Managerial Emphasis
250 _a16th Edition
260 _aNoida
_bPearson
_c2019
300 _a1320p.
700 _aRajan, Madhav V.
942 _cBK
999 _c3641
_d3641